| 000 | 00650nam a2200229Ia 4500 | ||
|---|---|---|---|
| 003 | OSt | ||
| 005 | 20220925222408.0 | ||
| 006 | a|||||r|||| 00| 0 | ||
| 007 | ta | ||
| 008 | 220923b |||||||| |||| 00| 0 eng d | ||
| 037 | _cGeneral Book | ||
| 040 |
_aRTL _cRTL _beng |
||
| 041 |
_2eng _aeng |
||
| 082 | _aT38.7918.N7, L2;N3 | ||
| 100 | _aFreire Paulo | ||
| 245 | 0 | _aPedagoty of the oppressed Tr by Myra Bergmann Ram | |
| 260 |
_aLondon _bPenguin Books U K _c1993 |
||
| 300 |
_a164p. _ccm. |
||
| 650 |
_aAdult Education _9177582 |
||
| 942 |
_hT38.7918.N7, L2;N3 _cGB _2CC |
||
| 999 |
_c576916 _d576916 |
||